<?xml version="1.0" encoding="UTF-8"?>
<record
    xmlns:xsi="http://www.w3.org/2001/XMLSchema-instance"
    xsi:schemaLocation="http://www.loc.gov/MARC21/slim http://www.loc.gov/standards/marcxml/schema/MARC21slim.xsd"
    xmlns="http://www.loc.gov/MARC21/slim">

  <leader>01042nam a22002417a 4500</leader>
  <controlfield tag="003">0</controlfield>
  <controlfield tag="005">20160609165140.0</controlfield>
  <controlfield tag="008">091027t        xxu||||| |||| 00| 0 eng d</controlfield>
  <datafield tag="040" ind1=" " ind2=" ">
    <subfield code="a">BIDOC</subfield>
    <subfield code="b">fr</subfield>
  </datafield>
  <datafield tag="100" ind1=" " ind2=" ">
    <subfield code="a">MONGBO, P&#xE9;lagie</subfield>
    <subfield code="9">1713</subfield>
  </datafield>
  <datafield tag="245" ind1=" " ind2=" ">
    <subfield code="a">Analyse des r&#xF4;les des organisations locales dans le d&#xE9;veloppement local : implication pour la d&#xE9;centralisation : cas du Comit&#xE9;  de Gestion du centre sous-pr&#xE9;fectoral de Sant&#xE9; (COGES) et de l'Union des Producteurs de Riz de Koussin-L&#xE9;l&#xE9; (UPR-KL) de Cov&#xE8;</subfield>
    <subfield code="c">Mongbo P&#xE9;lagie</subfield>
  </datafield>
  <datafield tag="260" ind1=" " ind2=" ">
    <subfield code="a">UAC</subfield>
    <subfield code="b">FSA</subfield>
    <subfield code="c">19 d&#xE9;cembre 2002</subfield>
  </datafield>
  <datafield tag="300" ind1=" " ind2=" ">
    <subfield code="a">xv-109 p.</subfield>
    <subfield code="c">30 cm.</subfield>
  </datafield>
  <datafield tag="520" ind1=" " ind2=" ">
    <subfield code="a">L'objectif global de cette &#xE9;tude est d'identifier les r&#xF4;les des organisations de production de biens et services dans le d&#xE9;veloppement local...</subfield>
  </datafield>
  <datafield tag="650" ind1=" " ind2=" ">
    <subfield code="a">Viabilit&#xE9; &#xE9;conomique</subfield>
    <subfield code="9">1714</subfield>
  </datafield>
  <datafield tag="650" ind1=" " ind2=" ">
    <subfield code="a">Gestion</subfield>
    <subfield code="9">1715</subfield>
  </datafield>
  <datafield tag="650" ind1=" " ind2=" ">
    <subfield code="a">D&#xE9;centralisation</subfield>
    <subfield code="9">1716</subfield>
  </datafield>
  <datafield tag="650" ind1=" " ind2=" ">
    <subfield code="a">P&#xE9;rim&#xE8;tre irrigu&#xE9;</subfield>
    <subfield code="9">1717</subfield>
  </datafield>
  <datafield tag="651" ind1=" " ind2=" ">
    <subfield code="a">B&#xE9;nin</subfield>
    <subfield code="z">Cov&#xE8;</subfield>
    <subfield code="9">1718</subfield>
  </datafield>
  <datafield tag="653" ind1=" " ind2=" ">
    <subfield code="a">Organisation locale</subfield>
  </datafield>
  <datafield tag="653" ind1=" " ind2=" ">
    <subfield code="a">D&#xE9;veloppement local</subfield>
  </datafield>
  <datafield tag="942" ind1=" " ind2=" ">
    <subfield code="c">THE</subfield>
  </datafield>
  <datafield tag="999" ind1=" " ind2=" ">
    <subfield code="c">46450</subfield>
    <subfield code="d">46450</subfield>
  </datafield>
  <datafield tag="952" ind1=" " ind2=" ">
    <subfield code="0">0</subfield>
    <subfield code="1">0</subfield>
    <subfield code="4">0</subfield>
    <subfield code="7">0</subfield>
    <subfield code="a">BIDOC</subfield>
    <subfield code="b">BIDOC</subfield>
    <subfield code="d">2009-10-27</subfield>
    <subfield code="e">FSA</subfield>
    <subfield code="l">0</subfield>
    <subfield code="o">T.ESAC.2002.031</subfield>
    <subfield code="r">2009-10-27 00:00:00</subfield>
    <subfield code="t">A.11282</subfield>
    <subfield code="w">2009-10-27</subfield>
    <subfield code="y">THE</subfield>
  </datafield>
  <datafield tag="952" ind1=" " ind2=" ">
    <subfield code="0">0</subfield>
    <subfield code="1">0</subfield>
    <subfield code="4">0</subfield>
    <subfield code="7">0</subfield>
    <subfield code="a">BIDOC</subfield>
    <subfield code="b">BIDOC</subfield>
    <subfield code="d">2009-10-27</subfield>
    <subfield code="e">FSA</subfield>
    <subfield code="l">0</subfield>
    <subfield code="o">T.ESAC.2002.031</subfield>
    <subfield code="r">2009-10-27 00:00:00</subfield>
    <subfield code="t">A.11283</subfield>
    <subfield code="w">2009-10-27</subfield>
    <subfield code="y">THE</subfield>
    <subfield code="z">Consultation sur place</subfield>
  </datafield>
</record>
